[Event "Reykjavik op"]
[Site "Reykjavik"]
[Date "1984.02.??"]
[Round "11"]
[White "Zaltsman, Vitaly F"]
[Black "Lobron, Eric"]
[Result "1-0"]
[WhiteElo "2390"]
[BlackElo "2520"]
[PlyCount "67"]
[EventDate "1984.02.??"]
[EventType "swiss"]
[EventRounds "11"]
[EventCountry "ISL"]
[SourceTitle "MCD"]
[Source "ChessBase"]
[SourceDate "1999.07.01"]
[SourceVersion "1"]
[SourceVersionDate "1999.07.01"]
[SourceQuality "1"]

1. d4 Nf6 2. c4 e6 3. Nf3 c5 4. d5 exd5 5. cxd5 d6 6. Nc3 g6 7. Nd2 Bg7 8. e4 0-0 9. Be2 Nbd7 10. f4 Re8 11. 0-0 c4 12. Kh1 Nc5 13. e5 dxe5 14. Nxc4 exf4 15. Bxf4 Nce4 16. Bf3 Bf5 17. Qb3 Rc8 18. Ne3 Nc5 19. Qa3 Bd3 20. Rfd1 a5 21. Rac1 b5 22. Nxb5 Nfe4 23. Nd6 Nf2+ 24. Kg1 Nxd1 25. Rxc5 Bd4 26. Rxc8 Qxc8 27. Qxd3 Nxe3 28. Qxd4 Qc1+ 29. Kf2 Qc2+ 30. Kg3 Nf5+ 31. Nxf5 Qxf5 32. Bh6 Re5 33. Bg4 Qf6 34. Bf4 1-0

[Event "Reykjavik op"]
[Site "Reykjavik"]
[Date "1984.02.??"]
[Round "7"]
[White "Zaltsman, Vitaly F"]
[Black "Schneider, Lars Ake"]
[Result "1/2-1/2"]
[WhiteElo "2390"]
[BlackElo "2440"]
[PlyCount "51"]
[EventDate "1984.02.??"]
[EventType "swiss"]
[EventRounds "11"]
[EventCountry "ISL"]
[SourceTitle "MCD"]
[Source "ChessBase"]
[SourceDate "1999.07.01"]
[SourceVersion "1"]
[SourceVersionDate "1999.07.01"]
[SourceQuality "1"]

1. d4 Nf6 2. c4 e6 3. Nf3 b6 4. g3 Bb7 5. Bg2 Be7 6. Nc3 d5 7. Ne5 0-0 8. 0-0 Na6 9. cxd5 exd5 10. Bf4 c5 11. Rc1 Re8 12. Qa4 cxd4 13. Qxd4 Bc5 14. Qa4 g5 15. Nxf7 Kxf7 16. Bxg5 Be7 17. Rfd1 Rc8 18. Bxf6 Bxf6 19. Bxd5+ Bxd5 20. Qxa6 Bxc3 21. bxc3 Rc5 22. Qd3 Qg5 23. Qxh7+ Kf8 24. Qxa7 Rxe2 25. Qxb6 Bc6 26. Qb8+ 1/2-1/2

[Event "New York Kavkasian"]
[Site "New York"]
[Date "1983.09.??"]
[Round "?"]
[White "Dlugy, Maxim"]
[Black "Zaltsman, Vitaly F"]
[Result "1-0"]
[WhiteElo "2450"]
[BlackElo "2395"]
[PlyCount "123"]
[EventDate "1983.09.21"]
[EventType "tourn"]
[EventRounds "15"]
[EventCountry "USA"]
[EventCategory "10"]
[SourceTitle "MCD"]
[Source "ChessBase"]
[SourceDate "1999.07.01"]
[SourceVersion "1"]
[SourceVersionDate "1999.07.01"]
[SourceQuality "1"]

1. d4 d5 2. c4 e6 3. Nc3 c5 4. cxd5 exd5 5. Nf3 Nc6 6. g3 Nf6 7. Bg2 Be7 8. 0-0 0-0 9. dxc5 Bxc5 10. Bg5 d4 11. Bxf6 Qxf6 12. Nd5 Qd8 13. Nd2 Bg4 14. Nb3 Bb6 15. Rc1 Re8 16. Re1 Qd6 17. Rc4 Qe6 18. Nxb6 axb6 19. Bxc6 bxc6 20. Qxd4 Bh3 21. Nc1 c5 22. Qc3 Qc6 23. f3 Be6 24. Re4 Red8 25. a3 Qd6 26. Nd3 Bf5 27. Re3 Re8 28. Rxe8+ Rxe8 29. e4 Be6 30. Nf2 Rd8 31. Rd1 Qe7 32. Rxd8+ Qxd8 33. Qd3 Qxd3 34. Nxd3 Kf8 35. Kf2 Ke7 36. Ke3 Kd6 37. h4 f6 38. g4 Bb3 39. g5 Bf7 40. gxf6 gxf6 41. Kf4 Bh5 42. Nf2 Ke6 43. Ng4 Be8 44. Ne3 Bc6 45. Nc4 b5 46. Nd2 Bd7 47. Ke3 Kd6 48. Nb3 f5 49. Kf4 fxe4 50. fxe4 Be6 51. Nd2 b4 52. axb4 cxb4 53. Nf3 h5 54. Nd4 Bg4 55. Nf5+ Kc5 56. e5 Bd1 57. e6 Ba4 58. Ke5 Kc4 59. Nd4 b3 60. e7 Be8 61. Ke4 Bg6+ 62. Nf5 1-0